Catálogo

MANUAL DE ONCOLOGIA (Registro nro. 38074)

Detalles MARC
000 -LEADER
fixed length control field 00433nam a2200169 a 4500
001 - CONTROL NUMBER
control field 38074
005 - DATE AND TIME OF LATEST TRANSACTION
control field 20230414123611.0
008 - FIXED-LENGTH DATA ELEMENTS--GENERAL INFORMATION
fixed length control field 140415s2000 000 0 spa d
020 ## - INTERNATIONAL STANDARD BOOK NUMBER
International Standard Book Number 970102480X
041 ## - LANGUAGE CODE
Language code of text/sound track or separate title spa
082 ## - DEWEY DECIMAL CLASSIFICATION NUMBER
Classification number 616.992
Item number INS
100 1# - MAIN ENTRY--PERSONAL NAME
Personal name INSTITUTO NACIONAL DE CANCEROLOGIA
245 10 - TITLE STATEMENT
Title MANUAL DE ONCOLOGIA
260 ## - PUBLICATION, DISTRIBUTION, ETC.
Place of publication, distribution, etc. [s.l.] :
Name of publisher, distributor, etc. MCGRAW-HILL INTERAMERICANA EDITORES,
Date of publication, distribution, etc. 2000
300 ## - PHYSICAL DESCRIPTION
Extent 774
650 14 - SUBJECT ADDED ENTRY--TOPICAL TERM
Topical term or geographic name entry element ONCOLOGIA
Existencias
Withdrawn status Lost status Source of classification or shelving scheme Damaged status Not for loan Home library Current library Shelving location Date acquired Source of acquisition Total Checkouts Full call number Barcode Price effective from Koha item type Collection code Inventory number Total Renewals Date last seen Date last checked out
  Extraviado Dewey Decimal Classification     Biblioteca Karol Wojtyla Biblioteca Karol Wojtyla   03/12/2013 Compra   616.992 INS 57321 03/12/2013 Libro          
    Dewey Decimal Classification     Biblioteca Karol Wojtyla Biblioteca Karol Wojtyla Sala general 03/12/2013 Compra 13 616.992 INS 57324 03/12/2013 Libro General 151000000000000000008789 2 05/01/2026 22/10/2024
    Dewey Decimal Classification     Biblioteca Karol Wojtyla Biblioteca Karol Wojtyla Sala general 03/12/2013 Compra 13 616.992 INS 57325 03/12/2013 Libro General 151000000000000000008790 2 05/01/2026 22/08/2025
    Dewey Decimal Classification     Biblioteca Karol Wojtyla Biblioteca Karol Wojtyla Sala general 03/12/2013 Compra 12 616.992 INS 57319 02/06/2014 Libro General 151000000000000000008788   18/09/2025 04/09/2025
    Dewey Decimal Classification     Biblioteca Karol Wojtyla Biblioteca Karol Wojtyla Sala general 03/12/2013 Compra 7 616.992 INS 57320 03/12/2013 Libro General 151000000000000000015353 3 05/01/2026 30/08/2022
Descarte   Dewey Decimal Classification     Biblioteca Karol Wojtyla Biblioteca Karol Wojtyla   03/12/2013 Compra   616.992 INS 57323 22/09/2015 Libro       01/09/2015 01/09/2015
  Extraviado Dewey Decimal Classification     Biblioteca Karol Wojtyla Biblioteca Karol Wojtyla   03/12/2013 Compra   616.992 INS 57322 03/12/2013 Libro